MARC

LEADER 00000nam a2200000Ia 4500
008 160829s9999 xx 000 0 cat d
245 |a Samaranch un ciclo de vida política provincial 
260 |a San Jorge, núm. 101 - 102 (setembre 1977), pàg 2 - 4 
600 1 0 |a Samaranch, Joan Antoni,  |d 1920-2010  |9 34366 
610 1 0 |9 52771  |a Barcelona (Catalunya : Província).  |b Diputació  |x Presidents 
901 |a Arxiu 
942 |n 1  |2 udc 
952 |0 0  |1 0  |4 0  |7 1  |9 52900  |a Arxiu  |b Arxiu  |d 2016-12-01  |l 0  |r 2016-12-01 00:00:00  |w 2016-12-01  |y ARXIU 
999 |c 56749  |d 56749